Detroit Pistons: Retired Numbers - Statistics

General Stats
  • This quiz has been taken 171 times
  • The average score is 8 of 13
Answer Stats
Number Player % Correct
11 Isiah Thomas
99%
4 Joe Dumars
92%
1 Chauncey Billups
87%
3 Ben Wallace
86%
40 Bill Laimbeer
81%
10 Dennis Rodman
77%
32 Richard Hamilton
75%
16 Bob Lanier
70%
21 Dave Bing
55%
15 Vinnie Johnson
47%
2 Chuck Daly
42%
WD William Davidson
12%
JM Jack McCloskey
8%
No matching quizzes found
Score Distribution
Percent of People with Each Score
Percentile by Number Answered
Your Score History
You have not taken this quiz